|
|
|
|
| LEADER |
00000cam a2200000 7i4500 |
| 001 |
0000007098 |
| 002 |
000007639 |
| 005 |
20000330.0 |
| 020 |
|
|
|a 9838751324
|
| 090 |
0 |
0 |
|a JF
|b BAD
|
| 100 |
0 |
|
|a Badrul Risham Naruddin
|
| 245 |
1 |
0 |
|a Suriati
|c Badrul Risham Naruddin
|
| 260 |
|
|
|a Klang :
|b Pustaka Mawar ,
|c 1996
|
| 300 |
|
|
|a 97 p. ;
|c 21 cm.
|
| 490 |
0 |
|
|a Siri Novel Perantauan
|
| 650 |
0 |
0 |
|a Children's stories, Malay
|
| 999 |
|
|
|a 053224
|b BUKU
|c PINJAMAN
|e PERPUSTAKAAN KOMUNITI PETALING JAYA
|
| 999 |
|
|
|a 053226
|b BUKU
|c PINJAMAN
|e PERPUSTAKAAN KOMUNITI PETALING JAYA
|
| 999 |
|
|
|a 054602
|b BUKU
|c PINJAMAN
|e PERPUSTAKAAN KOMUNITI CAW KOTA DAMANSARA
|